| 000 | 00735nam a22002057a 4500 | ||
|---|---|---|---|
| 999 |
_c19952 _d19952 |
||
| 003 | AR-CdUCM | ||
| 008 | 190524b ||||| |||| 00| 0 spa d | ||
| 040 |
_aMUNICIPALIDAD PROVINCIAL DEL CUSCO _cBIBLIOTECA MUNICIPAL DEL CUSCO |
||
| 082 |
_a658.8 / _bG49 _22ed. |
||
| 100 |
_aGiraldo Jara, Demetrio _941731 |
||
| 245 |
_aFundamentos de marketing : _bTeoría - Practica / |
||
| 260 |
_aLima : _bFecat, _c1996 |
||
| 300 |
_a377 páginas _c22 cm. _bImágenes |
||
| 505 | _aContenido: Sinónimos de Marketing -- Marco especifico de marketing -- Funciones de marketing... | ||
| 650 |
_aDefinición _941732 |
||
| 650 |
_aMarketing _912422 |
||
| 650 |
_aPerfil de una empresa _941733 |
||
| 942 |
_2ddc _cLIBROS |
||
| 945 |
_aJavier _d2019-05-24 |
||